000 01050nam0a2200277 4500
001 RU\NLR\bibl\1672739
005 20250616044958.0
010 _a978-5-9676-0157-0
_91000
035 _a(NLR Aleph) 001663984
090 _a999377
_c999377
100 _a20100418d2008 |||y0rusy50 ca
101 0 _arus
102 _aRU
105 _ay |||||||||
200 1 _aЛучше водки, хуже нет
_eафоризмы российских политиков (2004-2008 годы)
_fавт.-сост. Ю.В. Манько
210 _aСанкт-Петербург
_cПетрополис
_d2008
215 _a241 с.
_d19
606 1 _aПолитики
_jАфоризмы
_yРоссийская Федерация
_92130499
_3RU\NLR\auth\661285374
686 _aФ3(2)15я48
702 1 _aМанько
_bЮ. В.
_gЮрий Владимирович
_4220
801 0 _aRU
_bNLR
_c20100418
_gRCR
801 1 _aRU
_bNLR
_c20100418
830 _aпо кн
942 _cBOOK
980 _aNB